[Event "72nd ch-RUS w 2022"]
[Site "Cheboksary RUS"]
[Date "2022.09.14"]
[Round "4.4"]
[White "Guseva, Marina"]
[Black "Girya, Olga"]
[Result "1/2-1/2"]
[WhiteTitle "IM"]
[BlackTitle "GM"]
[WhiteElo "2363"]
[BlackElo "2395"]
[WhiteFideId "4149351"]
[BlackFideId "4195752"]
[EventDate "2022.09.11"]

1. d4 Nf6 2. Nf3 d5 3. Bf4 e6 4. e3 Bd6 5. Bxd6 Qxd6 6. Nbd2 O-O 7. c4 c5 8.
dxc5 Qxc5 9. cxd5 Nxd5 10. Rc1 Qe7 11. Bc4 Nb6 12. O-O Rd8 13. Qc2 Nc6 14. a3
Nxc4 15. Nxc4 e5 16. Qc3 e4 17. Nd4 Nxd4 18. exd4 Be6 19. Qe3 Qd7 20. Qxe4 Qxd4
21. Qxd4 Rxd4 22. Ne3 Rd2 23. Rc2 Rxc2 24. Nxc2 Rd8 25. Ne3 Bb3 26. Rc1 a5 27.
Kf1 g6 28. Ke2 Rd6 29. Rc5 b6 30. Rc7 h5 31. h4 Kg7 32. g3 Kf6 33. Nc4 Bxc4+ 1/2-1/2

[Event "72nd ch-RUS w 2022"]
[Site "Cheboksary RUS"]
[Date "2022.09.14"]
[Round "4.5"]
[White "Pogonina, Natalija"]
[Black "Zhapova, Yana"]
[Result "1/2-1/2"]
[WhiteTitle "WGM"]
[BlackTitle "FM"]
[WhiteElo "2453"]
[BlackElo "2205"]
[WhiteFideId "4147855"]
[BlackFideId "24278670"]
[EventDate "2022.09.11"]

1. Nf3 d5 2. g3 Nd7 3. d4 Nb6 4. Bg2 Bf5 5. O-O e6 6. b3 h6 7. c4 c6 8. Nbd2 Nf6
9. Bb2 Be7 10. Ne5 O-O 11. a3 a5 12. Rc1 Nbd7 13. e3 Bh7 14. Qe2 Rc8 15. Rfd1
Qb6 16. c5 Qc7 17. f4 Nxe5 18. fxe5 Nd7 19. e4 Bg5 20. exd5 exd5 21. h4 Bxd2 22.
Qxd2 Rfe8 23. Bc3 Ra8 24. Re1 f6 25. Qf2 Re7 26. exf6 Nxf6 27. Rxe7 Qxe7 28. Bd2
a4 29. b4 Ne4 30. Bxe4 Bxe4 31. Rf1 Qd7 32. Kh2 Bd3 33. Re1 Rf8 34. Bf4 Be4 35.
Qe2 Qf5 36. h5 Qe6 37. Rf1 Rf6 38. Rf2 Qf7 39. Kg1 Rf5 40. Rh2 Qf6 41. Qe3 Qf7 1/2-1/2

[Event "72nd ch-RUS w 2022"]
[Site "Cheboksary RUS"]
[Date "2022.09.14"]
[Round "4.6"]
[White "Goltseva, Ekaterina"]
[Black "Gunina, Valentina"]
[Result "0-1"]
[WhiteTitle "FM"]
[BlackTitle "GM"]
[WhiteElo "2275"]
[BlackElo "2469"]
[WhiteFideId "24173770"]
[BlackFideId "4167570"]
[EventDate "2022.09.11"]

1. d4 d5 2. c4 c6 3. cxd5 cxd5 4. Bf4 Nc6 5. e3 Nf6 6. Nc3 a6 7. Be2 Bf5 8. g4
Be4 9. f3 Bg6 10. h4 h6 11. Nh3 e6 12. Kf2 Rc8 13. Rc1 Be7 14. Bg3 O-O 15. Nf4
Bd6 16. Kg2 Bxf4 17. Bxf4 Ne8 18. g5 h5 19. Bg3 Bf5 20. Bd3 Bxd3 21. Qxd3 Nd6
22. Na4 Nf5 23. Bf2 Nce7 24. Nc5 Rc7 25. Rc3 Ng6 26. Bg3 Nxg3 27. Kxg3 e5 28.
Kf2 Qe7 29. Na4 Re8 30. Rxc7 Qxc7 31. Nc3 Qb6 32. b3 Qa5 33. Kg3 exd4 34. Qxd4
Ne7 35. Qe5 Qd8 36. Kf2 Qc8 37. Nxd5 Qc2+ 38. Ke1 Qb1+ 39. Ke2 Qxh1 40. Nxe7+
Kf8 41. g6 Qxh4 0-1

[Event "72nd ch-RUS w 2022"]
[Site "Cheboksary RUS"]
[Date "2022.09.15"]
[Round "5.1"]
[White "Gunina, Valentina"]
[Black "Garifullina, Leya"]
[Result "1-0"]
[WhiteTitle "GM"]
[BlackTitle "IM"]
[WhiteElo "2469"]
[BlackElo "2375"]
[WhiteFideId "4167570"]
[BlackFideId "34127035"]
[EventDate "2022.09.11"]

1. d4 Nf6 2. c4 e6 3. Nf3 d5 4. Nc3 c5 5. cxd5 cxd4 6. Qxd4 exd5 7. Bg5 Be7 8.
e3 O-O 9. Be2 h6 10. Bh4 Nc6 11. Qd3 Be6 12. O-O Qb6 13. Bxf6 Bxf6 14. Nxd5 Bxd5
15. Qxd5 Qxb2 16. Bc4 Qa3 17. Rad1 Rad8 18. Qf5 Rxd1 19. Rxd1 Rd8 20. Rb1 Qc3
21. Qe4 Na5 22. Bd5 b5 23. g4 Qc5 24. Rd1 Nc4 25. Kg2 Nb6 26. Bb3 Rc8 27. h4 a5
28. g5 hxg5 29. hxg5 Bc3 30. g6 Nc4 31. Rd5 Qb6 32. gxf7+ Kf8 33. Rd7 Qf6 34.
Bxc4 bxc4 35. Qh7 1-0

[Event "72nd ch-RUS w 2022"]
[Site "Cheboksary RUS"]
[Date "2022.09.15"]
[Round "5.2"]
[White "Zhapova, Yana"]
[Black "Goltseva, Ekaterina"]
[Result "0-1"]
[WhiteTitle "FM"]
[BlackTitle "FM"]
[WhiteElo "2205"]
[BlackElo "2275"]
[WhiteFideId "24278670"]
[BlackFideId "24173770"]
[EventDate "2022.09.11"]

1. e4 c5 2. Nf3 e6 3. d4 cxd4 4. Nxd4 Nf6 5. Nc3 Nc6 6. Nxc6 bxc6 7. e5 Nd5 8.
Ne4 Qc7 9. f4 Rb8 10. c4 Bb4+ 11. Ke2 O-O 12. cxd5 cxd5 13. Nf2 f6 14. exf6 Rxf6
15. Be3 Ba6+ 16. Nd3 Rxf4 17. g3 Re4 18. Bg2 Bc5 19. Bxe4 dxe4 20. Qc1 exd3+ 21.
Ke1 Qb7 0-1

[Event "72nd ch-RUS w 2022"]
[Site "Cheboksary RUS"]
[Date "2022.09.15"]
[Round "5.3"]
[White "Girya, Olga"]
[Black "Pogonina, Natalija"]
[Result "1/2-1/2"]
[WhiteTitle "GM"]
[BlackTitle "WGM"]
[WhiteElo "2395"]
[BlackElo "2453"]
[WhiteFideId "4195752"]
[BlackFideId "4147855"]
[EventDate "2022.09.11"]

1. d4 Nf6 2. c4 e6 3. Nf3 d5 4. Nc3 h6 5. g3 Be7 6. Bg2 O-O 7. O-O dxc4 8. Ne5
Nc6 9. Bxc6 bxc6 10. Nxc6 Qe8 11. Nxe7+ Qxe7 12. Qa4 a5 13. Re1 Qb4 14. Qc2 Rd8
15. Bf4 Nd5 16. Nxd5 Rxd5 17. Bxc7 Rxd4 18. Red1 Rxd1+ 19. Rxd1 Bb7 20. Be5 a4
21. Bc3 Qc5 22. a3 Qc6 23. f3 Qb6+ 24. Kg2 Qe3 25. Qd2 Qxd2 26. Rxd2 Bc6 27. Rd6
Rc8 28. Kf2 g5 29. Ke3 Kh7 30. Kd4 Kg6 31. e4 Rc7 32. Ke3 Rc8 33. h3 Rc7 34. Ba5
Rc8 35. Bc3 Rc7 36. Be5 Rc8 37. f4 gxf4+ 38. gxf4 Kh7 39. Bf6 Kg6 40. Be5 Kh7
41. f5 exf5 42. exf5 Be8 43. Kf4 Bb5 44. Bc3 Be8 45. Kg3 Bc6 46. Kh4 Be4 47. Rd7
Kg8 48. Kg4 Re8 49. Rd6 Kh7 50. Bd2 Rg8+ 51. Kf4 Re8 52. Rf6 Bd5 53. Rd6 Be4 54.
Bc3 Bd3 55. Rd7 Kg8 56. Be5 Ra8 57. Re7 Rd8 58. Bf6 Rc8 59. Re3 Kh7 60. Re7 Kg8
61. Bc3 Rb8 62. Ra7 Bc2 63. Ra6 Kh7 64. Rf6 Rb7 65. Kg3 Re7 66. Bd4 Bd3 67. Kf3
Bc2 68. Bc3 Bd3 69. h4 Bc2 70. Kg3 Re3+ 71. Kf2 Re7 72. Kf3 Bd3 73. Bb4 Rd7 74.
Ke3 Bc2 75. Bc3 Re7+ 76. Kd4 Bd3 77. Kc5 h5 78. Kd6 Rb7 79. Ke5 Kg8 80. Kf4 Rb5
81. Be5 Kf8 82. Ra6 Ke8 83. Ra8+ Kd7 84. Ra7+ Ke8 85. f6 Bc2 86. Re7+ Kf8 87.
Ra7 Kg8 88. Re7 Bg6 89. Re8+ Kh7 90. Ra8 Bc2 91. Bc3 Rd5 92. Rf8 Bg6 93. Rc8 Bd3
94. Be5 Rb5 95. Rd8 Bc2 96. Rd7 Kg8 97. Re7 Bg6 98. Rc7 Bd3 99. Bd4 Rf5+ 100.
Ke3 Rd5 101. Ra7 Bc2 102. Re7 Bg6 103. Rb7 Bc2 104. Rb4 Kh7 105. Rxc4 Bb3 106.
Rc8 Rf5 107. Re8 Rf1 108. Re5 Re1+ 109. Kf4 Rxe5 110. Bxe5 1/2-1/2

[Event "72nd ch-RUS w 2022"]
[Site "Cheboksary RUS"]
[Date "2022.09.15"]
[Round "5.4"]
[White "Charochkina, Daria"]
[Black "Guseva, Marina"]
[Result "0-1"]
[WhiteTitle "IM"]
[BlackTitle "IM"]
[WhiteElo "2348"]
[BlackElo "2363"]
[WhiteFideId "4180917"]
[BlackFideId "4149351"]
[EventDate "2022.09.11"]

1. d4 Nf6 2. Bg5 d5 3. Bxf6 gxf6 4. e3 e5 5. Nc3 c6 6. a3 Be6 7. Nf3 Nd7 8. Nh4
Be7 9. g3 Qc7 10. Be2 O-O-O 11. Bg4 Nb6 12. O-O Rdg8 13. Bxe6+ fxe6 14. b3 h5
15. Kh1 f5 16. Ne2 Nd7 17. f3 f4 18. exf4 exf4 19. Ng2 fxg3 20. Nef4 h4 21. h3
e5 22. dxe5 Nxe5 23. Qd4 Kb8 24. Rae1 Bf6 25. Ne6 Qd6 26. Nc5 Ka8 27. Qb4 b6 28.
Nd3 Qd7 29. Ndf4 Re8 30. a4 Ng6 31. a5 bxa5 32. Qa4 Bg5 33. Ne6 Rxe6 34. Kg1
Rxe1 35. Rxe1 Bd8 36. Re2 Bb6+ 0-1

[Event "72nd ch-RUS w 2022"]
[Site "Cheboksary RUS"]
[Date "2022.09.15"]
[Round "5.5"]
[White "Bivol, Alina"]
[Black "Yakimova, Mariya"]
[Result "0-1"]
[WhiteTitle "IM"]
[BlackTitle "WFM"]
[WhiteElo "2366"]
[BlackElo "2252"]
[WhiteFideId "4100123"]
[BlackFideId "34188859"]
[EventDate "2022.09.11"]

1. e4 c5 2. Nf3 Nc6 3. d4 cxd4 4. Nxd4 Nf6 5. Nc3 d6 6. Bg5 e6 7. Bb5 Bd7 8.
Bxc6 bxc6 9. Qf3 e5 10. Nf5 h6 11. Bh4 Bxf5 12. Qxf5 Be7 13. Bxf6 Bxf6 14. Rd1
O-O 15. O-O Rb8 16. b3 Qe7 17. Qf3 g6 18. Ne2 Bg7 19. c4 Rbc8 20. Rd2 Bf6 21.
Rfd1 Rcd8 22. Nc3 Bg5 23. Rd3 Qe6 24. Qe2 Kh7 25. f3 Be7 26. Qf2 Ra8 27. Qe2 Rg8
28. Kf1 Rg7 29. Ke1 Rgg8 30. Kd2 Rgb8 31. Kc2 a5 32. Na4 Rb4 33. Rc3 Rab8 34.
Qd3 Kg7 35. Nb2 Qc8 36. g3 Ra8 37. Rd2 Qb8 38. a3 Rb7 39. c5 dxc5 40. Qc4 Qc8
41. g4 Raa7 42. Na4 Rb5 43. Rcd3 Bg5 44. Rd1 Be7 45. h3 Rab7 46. Rc3 Qh8 47. Nb2
h5 48. Rcd3 hxg4 49. fxg4 Bg5 50. Rd7 Qe8 51. Rxb7 Rxb7 52. Rd3 Qe7 53. Na4 Qf6
54. Qxc5 Qf4 55. Qg1 Qxe4 56. Nc3 Qf4 57. Ne2 Qf6 58. Nc3 Qe7 59. a4 Rb4 60. Ne2
e4 61. Rc3 Bf6 62. Qc5 Qd8 63. Rg3 Qd5 64. Qxd5 cxd5 65. Nc3 Bxc3 66. Rxc3 Kf6
67. Rc5 Ke5 68. g5 Rb8 69. Rxa5 Kd4 70. Ra7 e3 71. a5 Rc8+ 72. Kd1 Kd3 73. Re7
Rb8 74. a6 Rxb3 75. Kc1 Ra3 76. a7 d4 77. Kb2 Ra6 0-1

[Event "72nd ch-RUS w 2022"]
[Site "Cheboksary RUS"]
[Date "2022.09.15"]
[Round "5.6"]
[White "Galliamova, Alisa"]
[Black "Ovod, Evgenija"]
[Result "1/2-1/2"]
[WhiteTitle "IM"]
[BlackTitle "IM"]
[WhiteElo "2421"]
[BlackElo "2323"]
[WhiteFideId "4129725"]
[BlackFideId "4131827"]
[EventDate "2022.09.11"]

1. d4 d5 2. c4 e6 3. Nf3 Nf6 4. Nc3 Be7 5. Bg5 O-O 6. e3 h6 7. Bh4 Ne4 8. Bxe7
Qxe7 9. Qc2 Nxc3 10. Qxc3 dxc4 11. Bxc4 b6 12. O-O c5 13. dxc5 Qxc5 14. Rac1 Bb7
15. Qe5 Qe7 16. Nd4 Nc6 17. Nxc6 Bxc6 18. Ba6 f6 19. Qg3 Qe8 20. Rfd1 Bd5 21.
Rc7 Rf7 22. Rdc1 Rd8 23. h4 e5 24. a3 Re7 25. Qg4 Qf7 26. Rc8 Rxc8 27. Rxc8+ Re8
28. Bb5 Rxc8 29. Qxc8+ Qf8 30. Qd7 Qa8 31. f3 Bf7 32. Bc6 Qb8 33. Be4 Kf8 34. b4
Be8 35. Qe6 Bf7 36. Qd7 Be8 37. Qe6 1/2-1/2

[Event "72nd ch-RUS w 2022"]
[Site "Cheboksary RUS"]
[Date "2022.09.16"]
[Round "6.1"]
[White "Garifullina, Leya"]
[Black "Ovod, Evgenija"]
[Result "1/2-1/2"]
[WhiteTitle "IM"]
[BlackTitle "IM"]
[WhiteElo "2375"]
[BlackElo "2323"]
[WhiteFideId "34127035"]
[BlackFideId "4131827"]
[EventDate "2022.09.11"]

1. e4 e5 2. Nf3 Nc6 3. Bb5 a6 4. Ba4 Nge7 5. Nc3 d6 6. d4 b5 7. Bb3 Nxd4 8. Nxd4
exd4 9. Qh5 Ng6 10. Nd5 Be7 11. a4 c6 12. Nxe7 Qxe7 13. O-O Rb8 14. f4 h6 15.
axb5 Rxb5 16. Qd1 O-O 17. f5 Ne5 18. Qxd4 c5 19. Qc3 Qf6 20. Bf4 Bb7 21. Bd5
Rxb2 22. Bxb7 Rxb7 23. Rxa6 Re8 24. Rd1 Rd7 25. Bg3 Ng4 26. Qf3 Ne5 27. Qe2 Qd8
28. h3 f6 29. Kh2 Nf7 30. Qc4 Kh7 31. Ra3 Ng5 32. Re3 d5 33. Qxc5 Nxe4 34. Qc6
Nxg3 35. Rxg3 Re2 36. Rd4 Qc7 37. Qxc7 Rxc7 38. Rxd5 1/2-1/2

[Event "72nd ch-RUS w 2022"]
[Site "Cheboksary RUS"]
[Date "2022.09.16"]
[Round "6.2"]
[White "Yakimova, Mariya"]
[Black "Galliamova, Alisa"]
[Result "1/2-1/2"]
[WhiteTitle "WFM"]
[BlackTitle "IM"]
[WhiteElo "2252"]
[BlackElo "2421"]
[WhiteFideId "34188859"]
[BlackFideId "4129725"]
[EventDate "2022.09.11"]

1. d4 Nf6 2. c4 e6 3. g3 d5 4. Nf3 dxc4 5. Bg2 Bb4+ 6. Bd2 a5 7. Qc2 b6 8. Qxc4
Ba6 9. Qc2 Bxd2+ 10. Nbxd2 O-O 11. Ne4 Nxe4 12. Qxe4 Ra7 1/2-1/2

[Event "72nd ch-RUS w 2022"]
[Site "Cheboksary RUS"]
[Date "2022.09.16"]
[Round "6.3"]
[White "Guseva, Marina"]
[Black "Bivol, Alina"]
[Result "1/2-1/2"]
[WhiteTitle "IM"]
[BlackTitle "IM"]
[WhiteElo "2363"]
[BlackElo "2366"]
[WhiteFideId "4149351"]
[BlackFideId "4100123"]
[EventDate "2022.09.11"]

1. d4 d5 2. c4 e6 3. Nf3 Nf6 4. g3 dxc4 5. Bg2 Bd7 6. Ne5 Bc6 7. Nxc6 Nxc6 8.
O-O Qd7 9. e3 Rd8 10. Qe2 e5 11. Qxc4 exd4 12. Qb5 Rb8 13. Rd1 Bd6 14. Bxc6 Qxc6
15. Qxc6+ bxc6 16. Rxd4 Be5 17. Rd2 O-O 18. Na3 Ne4 19. Rc2 Nd6 20. Rb1 Rb6 21.
Kg2 Ra6 22. b4 Rb8 23. Rb3 g6 24. Bd2 Bf6 25. Rd3 Rbb6 26. Rb3 Ra4 27. Nb1 Nb5
28. a3 h5 29. Bc1 a5 30. bxa5 Rxa5 31. Nd2 Ra4 32. Rd3 Rba6 33. Nc4 Kf8 34. h4
Ke7 35. Bd2 Ra8 36. Bb4+ Ke8 37. Bc5 Rd8 38. Rb3 Ra6 39. Nd2 Be7 40. Bxe7 Kxe7
41. Nc4 1/2-1/2

[Event "72nd ch-RUS w 2022"]
[Site "Cheboksary RUS"]
[Date "2022.09.16"]
[Round "6.4"]
[White "Pogonina, Natalija"]
[Black "Charochkina, Daria"]
[Result "1/2-1/2"]
[WhiteTitle "WGM"]
[BlackTitle "IM"]
[WhiteElo "2453"]
[BlackElo "2348"]
[WhiteFideId "4147855"]
[BlackFideId "4180917"]
[EventDate "2022.09.11"]

1. Nf3 d6 2. d4 Nf6 3. g3 g6 4. b3 Bg7 5. Bb2 O-O 6. Bg2 c5 7. dxc5 Qa5+ 8. Nbd2
Qxc5 9. O-O Qh5 10. c4 Nc6 11. Re1 Bh3 12. Rb1 Rad8 13. Bxh3 Qxh3 14. e4 Ne5 15.
Nf1 Nfg4 16. Nxe5 Bxe5 17. Qe2 f5 18. f3 Bxb2 19. Rxb2 Ne5 20. f4 Nc6 21. exf5
gxf5 22. Qg2 Qh6 23. Qd5+ Kh8 24. Re6 Qg7 25. Rd2 Rf6 26. Rxf6 Qxf6 27. Kg2 e5
28. Rf2 Nb4 29. Qd2 Nc6 30. Qd5 Nb4 31. Qd2 Nc6 32. Qd5 1/2-1/2

[Event "72nd ch-RUS w 2022"]
[Site "Cheboksary RUS"]
[Date "2022.09.16"]
[Round "6.5"]
[White "Goltseva, Ekaterina"]
[Black "Girya, Olga"]
[Result "1-0"]
[WhiteTitle "FM"]
[BlackTitle "GM"]
[WhiteElo "2275"]
[BlackElo "2395"]
[WhiteFideId "24173770"]
[BlackFideId "4195752"]
[EventDate "2022.09.11"]

1. d4 Nf6 2. c4 e6 3. Nf3 d5 4. Nc3 Be7 5. Bg5 dxc4 6. e3 c5 7. dxc5 Qxd1+ 8.
Rxd1 Nbd7 9. Bxc4 Nxc5 10. Ne5 a6 11. Be2 Ncd7 12. Nc4 b5 13. Bf3 Rb8 14. Nd6+
Bxd6 15. Rxd6 Ke7 16. Rd1 Bb7 17. Bxb7 Rxb7 18. Ke2 h6 19. Bh4 Rc8 20. f3 b4 21.
Ne4 b3 22. axb3 Rxb3 23. Rd2 Nb6 24. Nxf6 gxf6 25. Rhd1 Rc7 26. e4 Nc4 27. Rc1
Re3+ 28. Kf2 Rb3 29. Rdc2 Rd7 30. Rxc4 Rd2+ 31. Kf1 Rbxb2 32. e5 Kf8 33. Rg4 h5
34. Bxf6 Rdc2 35. Rxc2 Rxc2 36. Ra4 1-0

[Event "72nd ch-RUS w 2022"]
[Site "Cheboksary RUS"]
[Date "2022.09.16"]
[Round "6.6"]
[White "Gunina, Valentina"]
[Black "Zhapova, Yana"]
[Result "1-0"]
[WhiteTitle "GM"]
[BlackTitle "FM"]
[WhiteElo "2469"]
[BlackElo "2205"]
[WhiteFideId "4167570"]
[BlackFideId "24278670"]
[EventDate "2022.09.11"]

1. d4 d5 2. c4 e6 3. Nf3 Nf6 4. Nc3 Be7 5. Bf4 O-O 6. e3 Nbd7 7. c5 Nh5 8. Bd3
Nxf4 9. exf4 b6 10. c6 Nb8 11. Ne5 Bd6 12. a3 g6 13. h4 f6 14. h5 g5 15. Qc2
fxe5 16. fxe5 Bxe5 17. Bxh7+ Kh8 18. dxe5 Nxc6 19. O-O-O Nxe5 20. Bg6 Qf6 21.
Rde1 Ba6 22. Rh3 d4 23. Ne4 Qf4+ 24. Kb1 c5 25. Nxc5 bxc5 26. Qxc5 Rab8 27. Qxa7
Bb7 28. Ka1 Qd2 29. Rb1 Nc6 30. Qc5 Qa5 31. Qc2 Rbc8 32. Qb3 Nd8 33. Rg3 Rxf2
34. Qd1 Qe5 35. h6 Bd5 36. Rd3 Nc6 37. Rc1 Rb8 38. Rd2 Rxd2 39. Qxd2 Qe3 40. Qc2
Rf8 41. Qc5 Rf2 42. Bb1 Qf4 43. g3 Qb8 44. Rc2 Rf1 45. Rc1 Rf6 46. Ba2 Rf2 47.
Rb1 Qf8 48. Qb5 Ne7 49. Rc1 Rf5 50. g4 Rf6 51. Bxd5 Nxd5 52. Qd7 Qe7 53. Qa4
Rxh6 54. Qxd4+ Qf6 55. Qa7 Qe7 56. Qb8+ Kg7 57. Rc8 Qf7 58. Ka2 Rh1 59. a4 Qe7
60. Re8 Qf7 61. Qe5+ Qf6 62. Rxe6 Qxe5 63. Rxe5 Nf6 64. Rxg5+ Kf7 65. a5 Rh8 66.
b4 Ke6 67. Kb3 Nd5 68. b5 Kd6 69. b6 Rb8 70. Kc4 Rc8+ 71. Kd4 Nf4 72. Rf5 Ne6+
73. Kd3 Rc6 74. Rb5 Rc8 75. b7 Rb8 76. a6 Kc6 77. a7 Rd8+ 78. Ke4 1-0

[Event "72nd ch-RUS w 2022"]
[Site "Cheboksary RUS"]
[Date "2022.09.18"]
[Round "7.1"]
[White "Zhapova, Yana"]
[Black "Garifullina, Leya"]
[Result "1/2-1/2"]
[WhiteTitle "FM"]
[BlackTitle "IM"]
[WhiteElo "2205"]
[BlackElo "2375"]
[WhiteFideId "24278670"]
[BlackFideId "34127035"]
[EventDate "2022.09.11"]

1. e4 c5 2. Nf3 d6 3. Bb5+ Nd7 4. Ba4 Nf6 5. O-O a6 6. c4 e6 7. Nc3 Be7 8. d4
cxd4 9. Qxd4 O-O 10. Rd1 e5 11. Qe3 Qc7 12. Bb3 Nb6 13. Nd5 Nbxd5 14. cxd5 Bd8
15. h3 Qe7 16. a4 Nd7 17. a5 b6 18. axb6 Bxb6 19. Qe2 Rb8 20. Bc4 a5 21. Bd2 Qd8
22. b3 Nc5 23. Be3 f5 24. exf5 Bxf5 25. Nd2 Qf6 26. Kh1 Bg6 27. Rf1 Qd8 28. Rfc1
Rc8 29. Qg4 Bf5 30. Qe2 Kh8 31. Bb5 Rb8 32. Rc3 Bg6 33. Rac1 Ba7 34. Bc6 Qe7 35.
Ra1 Qd8 36. Rac1 Qe7 37. Ra1 Bb6 38. Nc4 Ne4 39. Nxb6 Nxc3 40. Qb2 Qc7 41. Qxc3
Rxb6 42. Bxb6 Qxb6 43. Qe3 Qxe3 44. fxe3 Bc2 45. Rxa5 Bxb3 46. Kg1 h5 47. h4 Bc4
48. Ra8 Rxa8 49. Bxa8 Bd3 50. Bc6 Be4 51. Kf2 g6 52. g3 Kg7 53. Ke2 Kf6 54. Kd2
Bg2 55. Ke2 Be4 56. Kf2 Ke7 57. Ke2 Kd8 1/2-1/2

[Event "72nd ch-RUS w 2022"]
[Site "Cheboksary RUS"]
[Date "2022.09.18"]
[Round "7.2"]
[White "Girya, Olga"]
[Black "Gunina, Valentina"]
[Result "1-0"]
[WhiteTitle "GM"]
[BlackTitle "GM"]
[WhiteElo "2395"]
[BlackElo "2469"]
[WhiteFideId "4195752"]
[BlackFideId "4167570"]
[EventDate "2022.09.11"]

1. d4 d5 2. c4 c6 3. Nf3 Nf6 4. cxd5 cxd5 5. Nc3 Nc6 6. Bf4 a6 7. Qb3 e6 8. e3
Bd6 9. Bxd6 Qxd6 10. Be2 O-O 11. O-O Bd7 12. Na4 e5 13. dxe5 Nxe5 14. Nb6 Bb5
15. Bxb5 Nxf3+ 16. gxf3 Qxb6 17. Be2 Qxb3 18. axb3 Rac8 19. Rac1 d4 20. exd4 Nd5
21. f4 Nxf4 22. Bf3 Rxc1 23. Rxc1 Rd8 24. Kf1 b6 25. Rc6 g5 26. d5 b5 27. d6 a5
28. Bg4 Kf8 29. d7 Ke7 30. Rc5 h5 31. Bf5 b4 32. Rxa5 f6 33. Ra6 h4 34. Rb6 Nd5
35. Rc6 Nf4 36. Rc4 Nh5 37. Re4+ Kd6 38. Re8 Kc7 39. Bg4 Ng7 40. Re7 Rg8 41. Re4
Kd6 42. Rxb4 f5 43. Rd4+ Ke7 44. Be2 Ne6 45. Rd5 Ra8 46. Ke1 Nf4 47. Rxf5 Kxd7
48. Bg4 Kd6 49. Rxg5 Ra2 50. Rf5 Nd5 51. Be2 Rxb2 52. Bc4 Nc3 53. Rf4 h3 54. Rh4
Ke5 55. Rxh3 Ne4 56. Rf3 Ng5 57. Re3+ Kf4 58. Bd5 Nh7 59. Kf1 Nf6 60. Rf3+ Ke5
61. Bc4 Ra2 62. Kg2 Ne4 63. h4 Nf6 64. Bd3 Nd5 65. Kg3 Ra1 66. Rf5+ Ke6 67. Rg5
Nf6 68. Bc4+ Ke7 69. Rg7+ Ke8 70. Kg2 Ra5 71. Rg5 Ra7 72. Rg6 Nh7 73. Rg8+ Nf8
74. h5 Ra5 75. Rg7 Kd8 76. Rf7 Ke8 77. Rf4 Rg5+ 78. Kf3 Ke7 79. Rh4 Kf6 80. Bd3
Rd5 81. Rf4+ Kg5 82. Be4 Rd8 83. Rf5+ Kh6 84. Kg4 Nd7 85. Bd5 Re8 86. f4 Rb8 87.
Be6 Nf8 88. Rf6+ Kg7 89. Rf7+ Kh8 90. Bc4 Nh7 91. Bd3 Nf8 92. h6 Ne6 93. Rh7+
Kg8 94. Re7 Nc5 95. Bc4+ Kh8 96. Re3 Nd7 97. Kg5 Nf8 98. f5 Nh7+ 99. Kf4 Nf6
100. Re6 Nd7 101. f6 Nc5 102. Re7 Nb7 103. f7 Nd6 104. Rd7 Nxc4 105. bxc4 Rc8
106. c5 1-0

[Event "72nd ch-RUS w 2022"]
[Site "Cheboksary RUS"]
[Date "2022.09.18"]
[Round "7.3"]
[White "Charochkina, Daria"]
[Black "Goltseva, Ekaterina"]
[Result "1-0"]
[WhiteTitle "IM"]
[BlackTitle "FM"]
[WhiteElo "2348"]
[BlackElo "2275"]
[WhiteFideId "4180917"]
[BlackFideId "24173770"]
[EventDate "2022.09.11"]

1. d4 e6 2. c4 Nf6 3. Nc3 Bb4 4. e3 O-O 5. Bd3 d5 6. cxd5 exd5 7. Ne2 Re8 8. O-O
Bd6 9. Bd2 Ng4 10. Nf4 Bxf4 11. exf4 Nc6 12. f5 Nf6 13. Be3 Ne4 14. Qf3 Qd7 15.
g4 Nxc3 16. bxc3 Na5 17. Kh1 Nc4 18. Bf4 Nd6 19. Rae1 Ne4 20. c4 c6 21. Qg2 b5
22. c5 Qd8 23. f3 Nf6 24. Be5 Nd7 25. Bc7 Qxc7 26. Rxe8+ Nf8 27. Qg3 Qd7 28.
Rfe1 Bb7 29. Rxa8 Bxa8 30. Qb8 1-0

[Event "72nd ch-RUS w 2022"]
[Site "Cheboksary RUS"]
[Date "2022.09.18"]
[Round "7.4"]
[White "Bivol, Alina"]
[Black "Pogonina, Natalija"]
[Result "1-0"]
[WhiteTitle "IM"]
[BlackTitle "WGM"]
[WhiteElo "2366"]
[BlackElo "2453"]
[WhiteFideId "4100123"]
[BlackFideId "4147855"]
[EventDate "2022.09.11"]

1. e4 e5 2. Nf3 Nc6 3. Bc4 Nf6 4. Ng5 d5 5. exd5 Na5 6. Bb5+ c6 7. dxc6 bxc6 8.
Be2 h6 9. Nh3 Bc5 10. d3 O-O 11. O-O Rb8 12. c3 Nb7 13. Kh1 Bxh3 14. gxh3 Qd7
15. Rg1 Kh8 16. Qf1 Qd5+ 17. Qg2 Qxg2+ 18. Kxg2 Nd5 19. a3 Nd8 20. b4 Bb6 21. c4
Ne7 22. c5 Bc7 23. Nd2 Ne6 24. Nc4 Nd4 25. Ra2 Rfd8 26. Re1 Ng6 27. Kf1 Nh4 28.
Bh5 f6 29. f4 exf4 30. Re7 Rbc8 31. Nd6 Bxd6 32. cxd6 Rxd6 33. Bxf4 Rd5 34. Bg4
Ndf5 35. Rxa7 Rxd3 36. Rd2 Rxd2 37. Bxd2 Rd8 38. Bc1 Rd3 39. Ke2 Rb3 40. Rd7 h5
41. Bxf5 Nxf5 42. Rd3 Rb1 43. Kd2 Ra1 44. Kc2 1-0

[Event "72nd ch-RUS w 2022"]
[Site "Cheboksary RUS"]
[Date "2022.09.18"]
[Round "7.5"]
[White "Galliamova, Alisa"]
[Black "Guseva, Marina"]
[Result "1/2-1/2"]
[WhiteTitle "IM"]
[BlackTitle "IM"]
[WhiteElo "2421"]
[BlackElo "2363"]
[WhiteFideId "4129725"]
[BlackFideId "4149351"]
[EventDate "2022.09.11"]

1. d4 Nf6 2. c4 e6 3. Nf3 d5 4. g3 Be7 5. Bg2 O-O 6. Nbd2 b6 7. O-O Bb7 8. b3 c5
9. cxd5 Nxd5 10. Bb2 Nc6 11. dxc5 Bxc5 12. a3 a5 13. Ne4 Be7 14. Rc1 Rc8 15. Rc2
Re8 16. Qa1 Bf8 17. Rd1 Qe7 18. Ned2 Ne5 19. Rxc8 Nxf3+ 20. Bxf3 Rxc8 21. Nc4
Ba6 22. Rc1 Bxc4 23. Rxc4 Rxc4 24. bxc4 Nf6 25. Bxf6 1/2-1/2

[Event "72nd ch-RUS w 2022"]
[Site "Cheboksary RUS"]
[Date "2022.09.18"]
[Round "7.6"]
[White "Ovod, Evgenija"]
[Black "Yakimova, Mariya"]
[Result "1-0"]
[WhiteTitle "IM"]
[BlackTitle "WFM"]
[WhiteElo "2323"]
[BlackElo "2252"]
[WhiteFideId "4131827"]
[BlackFideId "34188859"]
[EventDate "2022.09.11"]

1. e4 c5 2. Nf3 Nc6 3. Bb5 e6 4. O-O Nge7 5. Re1 Nd4 6. Nxd4 cxd4 7. c3 a6 8.
Bf1 Nc6 9. b4 Bd6 10. Bb2 dxc3 11. dxc3 Qc7 12. h3 O-O 13. Nd2 Rd8 14. a3 b5 15.
c4 bxc4 16. Nxc4 Bh2+ 17. Kh1 d5 18. exd5 exd5 19. Qxd5 Be6 20. Qe4 Bf4 21. Rad1
Ne7 22. Ne3 Ng6 23. Nd5 Bxd5 24. Rxd5 Rxd5 25. Qxd5 Rd8 26. Qf3 Qd6 27. Bc4 Kh8
28. Bxf7 Qd2 29. Bc3 Qd6 30. Bxg6 hxg6 31. g3 Bh6 32. Kg2 Kh7 33. h4 Rf8 34. Qe4
Qb6 35. Bd4 Qb5 36. Bc5 Rf5 37. Qa8 g5 38. Qe4 g6 39. hxg5 Bxg5 40. Rh1+ Kg7 41.
Qa8 Qd3 42. Qh8+ Kf7 43. Rh7+ 1-0